000 00776namaa2200217 i 4500
001 178929
003 ES-MaACL
005 20230906220626.0
008 110810s1901 fr | |||| ||fre d
040 _aSpMaBN
_bspa
_cSpMaBN
_erdc
080 _a616.8
100 1 _aGrasset, Joseph (
_d1849-1918)
_9152573
245 1 4 _aLes maladies de l'orientation et de l'equilibre /
_cpar J. Grasset.
260 _aParis :
_bFélix Alcan :
_bAncienne Librairie Germer Baillière et Cª,
_c1901.
300 _a291 :
_bil. ;
_c22 cm.
490 1 _aBibliothèque scientifique internationale ;
_v95
650 0 4 _aSistema nervioso-
_xEnfermedades.
_917135
830 0 _aBibliothèque scientifique internationale ;
_v95
_9186949
852 _aES-MaACL
_jF-14424
999 _c178929
_d178929